000 00725nam#a22002535a#4500
001 2287
245 1 0 _aPoetas del surrealismo /
_cLouis Aragon ... [et al.] ; con prólogo de Reynaldo Jiménez ; traducido por César Moro.
250 _a1ª edic.
260 _aBuenos Aires :
_bLeviatán,
_c2013.
300 _a96 p. :
_bil. byn. ;
_c18 cm.
490 0 _aPoesía mayor.
_v1
020 _a9789875142336
100 1 _aAragon, Louis.
700 1 _aJiménez, Reynaldo.
_4oth
700 1 _aMoro, césar.
_4trl
080 _a82-1
084 _aP73
653 _aPoesía Francesa
040 _aAR-ClEAG
_cAR-ClEAG
008 140429s2013####ag############000#0#und#d
005 20241107184739.0
003 AR-ClEAG
942 _cBK
999 _c2287
_d2287
980 _62
_aEvangelina Gallicchio
_82
_gEvangelina Gallicchio